Sapito

-д хадгалсан:
Номзүйн дэлгэрэнгүй
Үндсэн зохиолч: Strid, Jacob Martin (Зохиогч)
Формат: Ном
Хэл сонгох:испани
Хэвлэсэн: Santiago LOM 2009
Хэвлэл:1a. ed
Нөхцлүүд:
Шошгууд: Шошго нэмэх
Шошго байхгүй, Энэхүү баримтыг шошголох эхний хүн болох!

MARC

LEADER 00000nam a2200000 a 4500
001 UCH8979
003 CL-VaPUC
008 091217e20090000CL |||||||||||||||||spa|d
020 |a 9789560001023 
082 0 4 |a 9  |b STR  |2 21 
100 0 |a Strid, Jacob Martin  |e author  |9 545776 
245 1 0 |a Sapito 
250 |a 1a. ed 
300 |a 29 p 
942 |c BK 
945 |d 20091217 00:00:00  |a cmena 
260 |a Santiago  |b LOM  |c 2009 
650 0 |a Cuentos infantiles  |9 308044 
650 0 |a Literatura infantil   |9 307465 
650 7 |a CUENTOS DANESES  |2 CL-VaPUC  |9 308912 
583 |a last modification  |c 20091217 00:00:00  |k Rodrigo Vera 
999 |c 339058  |d 339056 
952 |0 0  |1 0  |4 0  |6 9_000000000000000_STR_2009  |7 0  |8 C  |9 432440  |a BIBCUR  |b BIBCUR  |d 2019-11-22  |i 4624106  |l 4  |m 1  |o 9 STR 2009  |p 4624106  |r 2025-04-22  |s 2024-09-11  |w 2019-11-22  |y BK  |k INF